[Event "ICS unrated blitz match"]
[Site "204.178.125.65"]
[Date "2000.10.13"]
[Round "?"]
[White "Hossa"]
[Black "Dorky"]
[Result "1-0"]
[WhiteElo "2511"]
[BlackElo "2431"]
[PlyCount "137"]
[EventDate "2000.??.??"]

1. d4 e6 2. c4 Nf6 3. Nc3 d5 4. Nf3 dxc4 5. e3 Bb4 6. Bxc4 Nd5 7. Bd2 Nb6 8.
Bd3 O-O 9. a3 Be7 10. Qc2 f5 11. b3 Nc6 12. O-O Nd5 13. Ne5 Nxe5 14. dxe5 a6
15. Rfd1 Nb6 16. f4 Qd7 17. Be2 Rd8 18. Bh5 Qd3 19. Qb2 Qd7 20. Be1 Qc6 21.
Rxd8+ Bxd8 22. Rd1 Be7 23. Bf2 g6 24. Bf3 Qe8 25. Ne2 Qf7 26. Qc3 Bf8 27. Bh4
c6 28. Qd2 Qd7 29. Qc1 Qf7 30. Nc3 Nd5 31. Na4 Rb8 32. Bxd5 exd5 33. Nb6 Be6
34. Bf6 Re8 35. Na4 Be7 36. Bxe7 Qxe7 37. Re1 d4 38. Nc5 dxe3 39. Qxe3 Rd8 40.
Qc3 Rd5 41. Rc1 Rd8 42. Qb4 Rb8 43. Rc3 Qe8 44. Qb6 Qc8 45. Rd3 Bd5 46. Rd4 Be6
47. Rd6 Bd5 48. Nd7 Ra8 49. Nf6+ Kg7 50. Rd7+ Bf7 51. e6 Qxd7 52. exd7 Kxf6 53.
d8=Q+ Rxd8 54. Qxd8+ Kg7 55. Qd7 a5 56. Qxb7 c5 57. Qc7 a4 58. Qe5+ Kg8 59.
bxa4 c4 60. a5 c3 61. Qxc3 Be6 62. a6 Bd5 63. Qc8+ Kg7 64. Qd7+ Bf7 65. a7 g5
66. a8=Q gxf4 67. Qd6 Be8 68. Qxe8 f3 69. Qef8# {Dorky checkmated} 1-0

[Event "ICS rated blitz match"]
[Site "204.178.125.65"]
[Date "2000.10.13"]
[Round "?"]
[White "Hossa"]
[Black "harimau"]
[Result "0-1"]
[WhiteElo "2507"]
[BlackElo "2877"]
[PlyCount "76"]
[EventDate "2000.??.??"]

1. d4 d5 2. c4 e6 3. Nf3 Nf6 4. Nc3 Be7 5. Bg5 O-O 6. e3 Nbd7 7. Rc1 c6 8. Qc2
h6 9. Bh4 Re8 10. h3 Bd6 11. c5 Bb8 12. Bd3 e5 13. Bh7+ Kf8 14. dxe5 Nxe5 15.
Ke2 Nxf3 16. gxf3 Qe7 17. Bf5 Bxf5 18. Qxf5 g5 19. Bxg5 hxg5 20. Qxg5 Qe6 21.
Ke1 d4 22. Ne2 Nh7 23. Qh4 dxe3 24. Rf1 exf2+ 25. Rxf2 Nf6 26. Rd1 Be5 27. f4
Bxb2 28. Qh6+ Ke7 29. f5 Qe4 30. Rf4 Qe3 31. Qh4 Rad8 32. Rb1 Rd2 33. Qf2 Qd3
34. Qf1 Kf8 35. Re4 Nxe4 36. Rc1 Bxc1 37. Nc3 Rd1+ 38. Nxd1 Qd2# {
Hossa checkmated} 0-1

[Event "ICS Rated blitz match"]
[Site "204.178.125.65"]
[Date "2000.10.13"]
[Round "?"]
[White "Athlon900"]
[Black "Hossa"]
[Result "1-0"]
[WhiteElo "2632"]
[BlackElo "2504"]
[PlyCount "137"]
[EventDate "2000.??.??"]

1. e4 e6 2. Nf3 d5 3. exd5 exd5 4. Bb5+ c6 5. Bd3 Nf6 6. O-O Be7 7. Re1 O-O 8.
Be2 Re8 9. d4 Bf5 10. Bd3 Bxd3 11. Qxd3 Nbd7 12. Nc3 Nf8 13. Re2 Qc7 14. Be3
Ng4 15. Rae1 Bd6 16. h3 Nxe3 17. Rxe3 Rxe3 18. Qxe3 Ne6 19. Ng5 Nxg5 20. Qxg5
Qb6 21. Qd2 Qd8 22. Qd1 Qh4 23. Qd3 Qf4 24. g3 Qg5 25. Qf3 Qg6 26. Re2 Qh6 27.
Kg2 Qc1 28. Nxd5 Qxb2 29. Ne7+ Bxe7 30. Rxe7 Qxa2 31. Rxb7 Qc4 32. Rc7 Qxd4 33.
Qxc6 Rf8 34. c3 Qb6 35. Qxb6 axb6 36. Rb7 Rc8 37. Rxb6 f5 38. Rb3 Kf7 39. Kf3
Kf6 40. Ke3 g5 41. Rb6+ Ke5 42. f4+ gxf4+ 43. gxf4+ Kd5 44. Rb5+ Ke6 45. Re5+
Kf6 46. Kd4 Rd8+ 47. Rd5 Re8 48. Rd6+ Kg7 49. c4 Re4+ 50. Kd5 Re3 51. c5 Rd3+
52. Ke6 Re3+ 53. Kxf5 Rxh3 54. Ke6 Re3+ 55. Kd7 Kf7 56. c6 Re7+ 57. Kc8 Re8+
58. Kb7 Re1 59. c7 Ke7 60. c8=Q Kxd6 61. Qd8+ Ke6 62. Qe8+ Kf5 63. Qxe1 Kf6 64.
Qe5+ Kf7 65. f5 Kf8 66. Qc7 h6 67. f6 h5 68. Qe7+ Kg8 69. Qg7# {
Hossa checkmated} 1-0

[Event "ICS rated blitz match"]
[Site "204.178.125.65"]
[Date "2000.10.13"]
[Round "?"]
[White "Hossa"]
[Black "Athlon900"]
[Result "0-1"]
[WhiteElo "2494"]
[BlackElo "2642"]
[PlyCount "268"]
[EventDate "2000.??.??"]

1. e4 d6 2. d4 Nf6 3. Nc3 e6 4. Nf3 Be7 5. Bg5 O-O 6. Be2 d5 7. e5 Nfd7 8. Bxe7
Qxe7 9. O-O c5 10. Nb5 Nc6 11. c3 a6 12. Na3 f6 13. exf6 Qxf6 14. Nc2 b6 15.
Qd2 Bb7 16. Qg5 Rac8 17. Qxf6 Rxf6 18. Rfe1 Rcf8 19. Ne3 Rf4 20. Rad1 b5 21.
Nc2 R4f6 22. Bd3 c4 23. Be2 Nb6 24. Rb1 Bc8 25. Ne3 Rf4 26. h3 a5 27. Ng4 b4
28. Bd1 Bd7 29. Bc2 Re8 30. Re2 a4 31. Ng5 h6 32. Nf3 b3 33. Bg6 bxa2 34. Ra1
Re7 35. Nfe5 Nxe5 36. Nxe5 Bb5 37. Rxa2 Rf8 38. Ra1 Nd7 39. Nf3 Rf6 40. Bc2 Re8
41. Nh2 h5 42. Nf3 Bc6 43. Ng5 Nf8 44. h4 Rb8 45. Nf3 Nd7 46. Kh2 Ra8 47. Kh3
Bb5 48. Ree1 Nb6 49. Re5 Be8 50. Re2 Bb5 51. Kg3 Raf8 52. Ne5 Be8 53. f3 Kh8
54. Kf2 Rg8 55. Ke3 g6 56. Rg1 Kg7 57. g3 Rh8 58. f4 Nc8 59. Rge1 Rhf8 60. Ra1
Nb6 61. Kf3 Kh8 62. Rae1 Kg7 63. Re3 Bf7 64. Kf2 Kg8 65. R1e2 Be8 66. Kg2 Nc8
67. Nf3 Bd7 68. Kh2 Ne7 69. Ne5 Bb5 70. Re1 Rc8 71. R3e2 Be8 72. Ra1 Ra8 73.
Rf2 Rb8 74. Ra2 Ra8 75. Kh3 Nc8 76. Re2 Kg7 77. Ra3 Nd6 78. Ra1 Ra6 79. Rae1 a3
80. Ra1 a2 81. Ree1 Nf7 82. Nf3 Ra8 83. b4 Ra3 84. Kg2 Nd6 85. Ng1 Nb5 86. Ne2
Rf7 87. Rf1 Nxc3 88. Nxc3 Rxc3 89. Rxa2 Rb7 90. Rb1 Bb5 91. Kf2 Kf6 92. Rba1
Rc7 93. Rb2 Rb7 94. Ra8 Kf7 95. Raa2 Rb6 96. Ra7+ Kf6 97. Ra8 Bc6 98. Ra1 Rb8
99. Raa2 Be8 100. Ra6 Bd7 101. Ra5 Rb7 102. Ra8 Bb5 103. Ra5 Kf7 104. Rba2 Rb6
105. Ra7+ Kf6 106. Ra8 Bc6 107. Rf8+ Kg7 108. Rc8 Bb7 109. Rc7+ Kf6 110. Rb2
Ra3 111. b5 Ba6 112. Rc5 Rxb5 113. Rbxb5 Bxb5 114. Bd1 Ra1 115. Be2 Ba4 116.
Ra5 c3 117. Bd3 Rd1 118. Rxa4 Rxd3 119. Ra8 Rxd4 120. Ke1 Rd2 121. Rf8+ Ke7
122. Rc8 d4 123. Rc7+ Kd6 124. Rc8 Kd5 125. Rd8+ Ke4 126. f5 Ke3 127. Re8 Rb2
128. Kf1 Kf3 129. Kg1 Kxg3 130. Kf1 d3 131. Rxe6 Rb1+ 132. Re1 c2 133. fxg6
Rxe1+ 134. Kxe1 c1=Q# {Hossa checkmated} 0-1

[Event "ICS rated standard match"]
[Site "204.178.125.65"]
[Date "2000.10.13"]
[Round "?"]
[White "marag"]
[Black "Hossa"]
[Result "0-1"]
[WhiteElo "1957"]
[BlackElo "2392"]
[PlyCount "38"]
[EventDate "2000.??.??"]

1. d4 Nf6 2. Nc3 d5 3. e4 Nxe4 4. Nxe4 dxe4 5. Bc4 Nc6 6. c3 e5 7. Be3 exd4 8.
Bxd4 Nxd4 9. Qxd4 Qxd4 10. cxd4 Bd6 11. Ne2 Bf5 12. O-O Rd8 13. h3 h5 14. Nc3
c6 15. Rfe1 O-O 16. Nxe4 Bb4 17. Nc3 Rxd4 18. Bb3 Rd2 19. Re2 Bxc3 {
marag resigns} 0-1

[Event "ICS rated blitz match"]
[Site "204.178.125.65"]
[Date "2000.10.13"]
[Round "?"]
[White "QueenMaxima"]
[Black "Hossa"]
[Result "0-1"]
[WhiteElo "2710"]
[BlackElo "2483"]
[PlyCount "166"]
[EventDate "2000.??.??"]

1. e3 g6 2. d4 Bg7 3. Nc3 d5 4. Nf3 Nf6 5. Bd2 Ne4 6. Nxe4 dxe4 7. Ne5 O-O 8.
Bc4 Nd7 9. Nxd7 Bxd7 10. Bb4 a5 11. Bc3 e6 12. a4 Qg5 13. O-O Bc6 14. b3 Rfd8
15. Bb2 Qh4 16. Ba3 Be5 17. h3 Bg7 18. Re1 Bd5 19. Bb5 e5 20. c3 Be6 21. Rb1
Qg5 22. Kh1 Rab8 23. Bc4 Bxc4 24. bxc4 f5 25. Rb5 Qh4 26. Qc2 exd4 27. cxd4 f4
28. exf4 Bxd4 29. Qxe4 Qxf2 30. Be7 Re8 31. Qe6+ Kg7 32. f5 b6 33. Rd1 Rbd8 34.
h4 Rd6 35. f6+ Bxf6 36. Bxf6+ Qxf6 37. Qxf6+ Rxf6 38. Rd7+ Rf7 39. Rbd5 h6 40.
h5 gxh5 41. c5 Re4 42. Rxf7+ Kxf7 43. Rd7+ Re7 44. Rd5 Kg7 45. Kh2 c6 46. Rd8
bxc5 47. Ra8 Re5 48. Rxa5 Rg5 49. Ra7+ Kf6 50. Rc7 Ke5 51. Rxc6 Kd5 52. Rxh6 c4
53. a5 Kd4 54. Rd6+ Rd5 55. Rf6 Rxa5 56. Rf4+ Kd3 57. Rf3+ Kc2 58. Kg3 c3 59.
Rf7 Kb3 60. Rf3 Kb2 61. Rf7 Ra3 62. Kh4 c2 63. Rf2 Rc3 64. Kxh5 Rg3 65. Kh4 Rg6
66. g4 Rc6 67. g5 Kb3 68. Rf1 Rc4+ 69. Kg3 Kb2 70. Kf3 c1=Q 71. Rxc1 Kxc1 72.
Kg3 Kd2 73. Kf3 Kd3 74. Kg3 Ke4 75. Kg4 Rc1 76. Kh5 Kf5 77. Kh6 Rh1+ 78. Kg7
Kxg5 79. Kf7 Re1 80. Kg7 Rf1 81. Kh7 Kf6 82. Kh8 Kf7 83. Kh7 Rh1# {
QueenMaxima checkmated} 0-1

[Event "ICS rated blitz match"]
[Site "204.178.125.65"]
[Date "2000.10.13"]
[Round "?"]
[White "Hossa"]
[Black "QueenMaxima"]
[Result "0-1"]
[WhiteElo "2508"]
[BlackElo "2685"]
[PlyCount "120"]
[EventDate "2000.??.??"]

1. e4 c5 2. Nf3 e6 3. d4 cxd4 4. Nxd4 Nc6 5. Nc3 Qc7 6. Be3 Nf6 7. Bd3 a6 8.
O-O Ne5 9. Bg5 Bb4 10. Bxf6 gxf6 11. Nce2 Rg8 12. c3 Bc5 13. Nf4 Nc6 14. Nh5
Qe5 15. Nb3 Ba7 16. Qf3 Ke7 17. h4 d6 18. Nd2 b5 19. Nb3 b4 20. Rac1 bxc3 21.
bxc3 Bb7 22. Rfd1 f5 23. Nd2 Na5 24. Rc2 Rg4 25. Nb3 Nxb3 26. Rb2 Rxe4 27. Bxe4
Bxe4 28. Qg3 Qxg3 29. Nxg3 Nc5 30. h5 Bc6 31. Rb4 Rg8 32. Kf1 a5 33. Rf4 Rb8
34. h6 Rb2 35. a3 Bb5+ 36. c4 Ba4 37. Ra1 Nd3 38. Rf3 Nxf2 39. Re1 Ng4 40.
Nxf5+ Kd8 41. Ne3 Bb3 42. Kg1 Bxc4 43. Kh1 Bxe3 44. Rfxe3 Nxe3 45. Rxe3 Ke7 46.
Kh2 Rb3 47. Rf3 Rxf3 48. gxf3 Kf6 49. Kg3 Kf5 50. Kf2 Kf4 51. Kg2 Bd5 52. Kf2
Bxf3 53. Ke1 Ke3 54. Kf1 d5 55. Kg1 d4 56. Kh2 d3 57. Kh3 Kf4 58. Kh4 d2 59. a4
d1=Q 60. Kh3 Qh1# {Hossa checkmated} 0-1

[Event "ICS rated blitz match"]
[Site "204.178.125.65"]
[Date "2000.10.13"]
[Round "?"]
[White "QueenMaxima"]
[Black "Hossa"]
[Result "0-1"]
[WhiteElo "2693"]
[BlackElo "2500"]
[PlyCount "110"]
[EventDate "2000.??.??"]

1. e3 g6 2. b3 Nc6 3. Bb2 Nf6 4. Bxf6 exf6 5. Nf3 Bh6 6. Nc3 d5 7. Bb5 O-O 8.
O-O Ne7 9. a3 c6 10. Be2 Re8 11. h3 Nf5 12. Re1 Be6 13. Na4 Qe7 14. d4 Nd6 15.
Nc5 Bc8 16. c4 b6 17. Na4 Ne4 18. cxd5 cxd5 19. Bb5 Bd7 20. Bxd7 Qxd7 21. Rc1
Bf8 22. b4 Rac8 23. Qb3 Qf5 24. Nb2 Bg7 25. Qa4 Re7 26. Nd3 Nc3 27. Qa6 Rec7
28. Kh1 Bh6 29. Rf1 Qd7 30. Rg1 Ne4 31. Rxc7 Rxc7 32. Ra1 Rc2 33. Kg1 Rc6 34.
Re1 Nc3 35. Kh1 Bf8 36. Rc1 Be7 37. b5 Rc4 38. Nb2 Rc7 39. Nd3 Qxb5 40. Qxb5
Nxb5 41. Rxc7 Nxc7 42. a4 b5 43. axb5 Nxb5 44. Kh2 a5 45. Nc5 Bd6+ 46. Kg1 Bxc5
47. dxc5 Kf8 48. Ne1 a4 49. Nd3 Nc3 50. c6 Ke7 51. Nc5 Kd6 52. c7 Kxc7 53. Kf1
Kb6 54. Nd3 a3 55. Nc1 Kb5 {QueenMaxima resigns} 0-1

[Event "ICS rated blitz match"]
[Site "204.178.125.65"]
[Date "2000.10.13"]
[Round "?"]
[White "Hossa"]
[Black "QueenMaxima"]
[Result "0-1"]
[WhiteElo "2524"]
[BlackElo "2669"]
[PlyCount "122"]
[EventDate "2000.??.??"]

1. e4 c5 2. Nf3 e6 3. d4 cxd4 4. Nxd4 Nc6 5. Nc3 Qc7 6. Be2 a6 7. O-O Nf6 8.
Be3 Be7 9. f4 d6 10. Qe1 O-O 11. Qg3 Bd7 12. Kh1 Nxd4 13. Bxd4 Bc6 14. Rae1
Rac8 15. a3 b5 16. Bf3 Qb7 17. e5 dxe5 18. fxe5 Ne8 19. Bxc6 Qxc6 20. Qf3 Qxf3
21. Rxf3 Rc4 22. Bf2 Nc7 23. Rd1 Rd8 24. Rxd8+ Bxd8 25. Rd3 Bg5 26. Rd7 Ne8 27.
Ra7 Bf4 28. Ra8 Kf8 29. Ne4 Ke7 30. Rxe8+ Kxe8 31. Nd6+ Kd7 32. Nxc4 bxc4 33.
Bd4 Kc6 34. b3 cxb3 35. cxb3 Kd5 36. Bc3 Bxe5 37. Bxe5 Kxe5 38. b4 Kd4 39. a4
Kc4 40. b5 axb5 41. axb5 Kxb5 42. h4 Kc4 43. h5 Kd4 44. Kh2 f5 45. Kg3 e5 46.
Kf2 Kd3 47. Kf3 e4+ 48. Kf4 e3 49. h6 g6 50. Kg5 e2 51. Kf6 e1=Q 52. Kf7 Kd4
53. Kf8 Qe2 54. Kf7 Qxg2 55. Kf8 Qb7 56. Ke8 f4 57. Kf8 f3 58. Ke8 f2 59. Kd8
f1=R 60. Ke8 Rf7 61. Kd8 Rf8# {Hossa checkmated} 0-1

[Event "ICS rated blitz match"]
[Site "204.178.125.65"]
[Date "2000.10.13"]
[Round "?"]
[White "QueenMaxima"]
[Black "Hossa"]
[Result "1-0"]
[WhiteElo "2679"]
[BlackElo "2514"]
[PlyCount "169"]
[EventDate "2000.??.??"]

1. e3 g6 2. c4 Nf6 3. Nc3 d6 4. d4 Bg7 5. Bd3 O-O 6. Nf3 Nc6 7. O-O Nb4 8. e4
Nxd3 9. Qxd3 c5 10. Bg5 cxd4 11. Nxd4 Ng4 12. Nd5 Ne5 13. Qb3 f6 14. Be3 e6 15.
Nf4 Re8 16. Rfd1 b6 17. Nb5 Bf8 18. c5 bxc5 19. Bxc5 Nf7 20. Nxa7 Bd7 21. Be3
Qb8 22. Rac1 Ne5 23. Nd3 Qxb3 24. axb3 Nxd3 25. Rxd3 f5 26. f3 f4 27. Bf2 Reb8
28. Rc7 Bb5 29. Rd2 Be8 30. Bd4 Rxb3 31. Rd1 Rab8 32. Nc6 Bxc6 33. Rxc6 R3b7
34. e5 Rb5 35. Re1 Rd5 36. Bc3 Re8 37. Rc7 dxe5 38. Rxe5 Rd1+ 39. Re1 Rxe1+ 40.
Bxe1 Bd6 41. Rd7 Bc5+ 42. Kf1 Re7 43. Rd8+ Kf7 44. Bc3 Re8 45. Rd7+ Re7 46.
Rxe7+ Bxe7 47. Ke2 Bd6 48. Kd3 Ke7 49. Ke4 Kd7 50. Bf6 Kc6 51. Bg5 e5 52. Bf6
Kb5 53. Bxe5 Bc5 54. Kxf4 Be7 55. Ke4 Kc4 56. f4 h5 57. Bd4 Bb4 58. h3 Bd2 59.
g4 hxg4 60. hxg4 Kb5 61. Bc3 Bc1 62. g5 Kc6 63. Kf3 Kd6 64. f5 gxf5 65. g6 Ke6
66. b4 Ba3 67. g7 Kf7 68. b5 Bc5 69. Kf4 Kg8 70. Kxf5 Be3 71. Ke4 Bb6 72. Bd4
Bc7 73. Kd5 Bd8 74. Kc6 Bg5 75. Be5 Be3 76. b6 Kh7 77. b7 Ba7 78. Kb5 Kg8 79.
Ka6 Bb8 80. Bxb8 Kf7 81. Be5 Kg8 82. b8=R+ Kh7 83. g8=Q+ Kh6 84. Bf4+ Kh5 85.
Qg5# {Hossa checkmated} 1-0

[Event "ICS rated blitz match"]
[Site "204.178.125.65"]
[Date "2000.10.13"]
[Round "?"]
[White "Hossa"]
[Black "FLAGGER"]
[Result "1-0"]
[WhiteElo "2505"]
[BlackElo "1968"]
[PlyCount "51"]
[EventDate "2000.??.??"]

1. e4 e6 2. d4 d5 3. Nc3 dxe4 4. Nxe4 Be7 5. Nf3 Nd7 6. Bd3 Ngf6 7. Nxf6+ Nxf6
8. O-O O-O 9. c3 b6 10. Be3 Bb7 11. Qe2 Rc8 12. Ne5 c5 13. dxc5 Bxc5 14. Rad1
Qe7 15. Bg5 h6 16. Bxf6 gxf6 17. Qg4+ Kh8 18. Qh5 Kg7 19. Ng4 Rh8 20. Rfe1 f5
21. Bxf5 Qg5 22. Qxg5+ hxg5 23. Bxe6 fxe6 24. Rd7+ Kg6 25. Ne5+ Kf5 26. Rf7# {
FLAGGER checkmated} 1-0

[Event "ICS rated blitz match"]
[Site "204.178.125.65"]
[Date "2000.10.13"]
[Round "?"]
[White "FLAGGER"]
[Black "Hossa"]
[Result "0-1"]
[WhiteElo "1967"]
[BlackElo "2506"]
[PlyCount "72"]
[EventDate "2000.??.??"]

1. d4 Nf6 2. g3 d5 3. Bg2 g6 4. b3 Bg7 5. Bb2 Bf5 6. Nd2 Na6 7. a3 c5 8. e3
cxd4 9. Bxd4 O-O 10. Ne2 Qc7 11. Rc1 e5 12. Bb2 Nc5 13. O-O Rfd8 14. Nf3 Nfe4
15. Nh4 Be6 16. Nc3 Nxc3 17. Bxc3 Ne4 18. Bb2 Nc3 19. Qd2 e4 20. Bh1 Bg4 21.
Rfe1 Ne2+ 22. Rxe2 Bxb2 23. Rb1 Bc3 24. Qd1 g5 25. Ng2 Qa5 26. Ne1 Bxe2 27.
Qxe2 Qxa3 28. f3 Qb4 29. Ng2 Qc5 30. f4 d4 31. exd4 Rxd4 32. Kf1 Rd2 33. Qe3
Qb5+ 34. Ke1 Rxg2+ 35. Kd1 Qf1+ 36. Qe1 Qxe1# {FLAGGER checkmated} 0-1

[Event "ICS rated standard match"]
[Site "204.178.125.65"]
[Date "2000.10.13"]
[Round "?"]
[White "Hossa"]
[Black "BrazilianMaster"]
[Result "0-1"]
[WhiteElo "2394"]
[BlackElo "2635"]
[PlyCount "112"]
[EventDate "2000.??.??"]

1. e3 g6 2. c4 Nf6 3. Nc3 Bg7 4. d4 d6 5. Nf3 O-O 6. Bd3 c5 7. d5 e6 8. O-O
exd5 9. cxd5 Re8 10. e4 Na6 11. Bxa6 bxa6 12. Qc2 Bg4 13. Bg5 Bxf3 14. gxf3 Rb8
15. b3 Qd7 16. Kg2 Re5 17. Qd2 Rb4 18. Rg1 Rd4 19. Qf4 Nxd5 20. Nxd5 Rexd5 21.
Qg3 Re5 22. Be3 Rd3 23. Rac1 f5 24. Qh4 fxe4 25. fxe4 d5 26. exd5 Qxd5+ 27. Kf1
Rdxe3 28. fxe3 Bh6 29. Qc4 Bxe3 30. Qxd5+ Rxd5 31. Re1 Bxg1 32. Kxg1 Kf7 33.
Re4 Rd1+ 34. Kf2 Rd2+ 35. Re2 Rxe2+ 36. Kxe2 Ke6 37. a3 a5 38. a4 Kd5 39. Kd3
g5 40. Ke3 h5 41. Kd3 g4 42. Ke3 Ke5 43. Kd3 h4 44. Ke3 h3 45. Kf2 Kf4 46. Kg1
g3 47. hxg3+ Kxg3 48. Kf1 h2 49. Ke2 h1=Q 50. Kd3 Kf3 51. Kc4 Ke4 52. Kb5 Qh6
53. Kc4 Qd2 54. Kb5 Qd6 55. Kc4 Qd3+ 56. Kxc5 Qd5# {Hossa checkmated} 0-1

[Event "ICS rated blitz match"]
[Site "204.178.125.65"]
[Date "2000.10.13"]
[Round "?"]
[White "QueenMaxima"]
[Black "Hossa"]
[Result "0-1"]
[WhiteElo "2703"]
[BlackElo "2508"]
[PlyCount "68"]
[EventDate "2000.??.??"]

1. d4 Nf6 2. Bf4 d5 3. e3 c5 4. Nf3 e6 5. Nbd2 c4 6. Be2 Be7 7. O-O Nh5 8. Bxb8
Rxb8 9. b3 c3 10. Bb5+ Kf8 11. Ne5 g6 12. Nb1 f6 13. Ng4 Qc7 14. a4 e5 15. Be2
e4 16. Qe1 Be6 17. f3 exf3 18. Bxf3 Rc8 19. Nf2 Bd6 20. Bxh5 Bxh2+ 21. Kh1 gxh5
22. Nd3 Bg3 23. Qc1 Qe7 24. Nc5 b6 25. Nxe6+ Qxe6 26. a5 Qg4 27. Rxf6+ Kg7 28.
Rf4 Bxf4 29. exf4 Rhe8 30. Kg1 Re2 31. Qf1 Kh8 32. Na3 Rg8 33. Kh2 Rxg2+ 34.
Kh1 Qh3# {QueenMaxima checkmated} 0-1

[Event "ICS rated blitz match"]
[Site "204.178.125.65"]
[Date "2000.10.13"]
[Round "?"]
[White "Hossa"]
[Black "QueenMaxima"]
[Result "1-0"]
[WhiteElo "2532"]
[BlackElo "2679"]
[PlyCount "149"]
[EventDate "2000.??.??"]

1. e4 c5 2. Nf3 e6 3. d4 cxd4 4. Nxd4 Nc6 5. Nc3 Qc7 6. g3 d6 7. Bg2 Nxd4 8.
Qxd4 e5 9. Qd3 Be6 10. Nd5 Bxd5 11. exd5 Nf6 12. O-O Be7 13. c4 Rc8 14. b3 O-O
15. Be3 Ng4 16. Qf5 Nxe3 17. fxe3 Qa5 18. Be4 g6 19. Qf2 f5 20. Bg2 Bf6 21.
Rab1 Bg7 22. Rbc1 e4 23. Qe2 Kh8 24. g4 fxg4 25. Bxe4 Rfe8 26. Rf4 Qa3 27. Rcf1
Rc7 28. Rxg4 Rce7 29. Qc2 Qc5 30. Qd3 Bh6 31. Re1 Qa3 32. Qc2 Qa5 33. Re2 Bg7
34. Bxg6 hxg6 35. Qxg6 Rf8 36. Qxd6 Qc3 37. Qg3 Bh6 38. Qh4 Rh7 39. Qe1 Qxe1+
40. Rxe1 Rhf7 41. h4 Rf3 42. e4 R8f4 43. Rg6 Rxh4 44. e5 Kh7 45. Kg2 Rf5 46.
Rd6 Rg4+ 47. Kh3 Rg7 48. Rxh6+ Kxh6 49. Re4 Rf3+ 50. Kh2 Rf2+ 51. Kh3 Rg5 52.
e6 Rf3+ 53. Kh2 Rh5+ 54. Kg2 Rf8 55. d6 Rg5+ 56. Kh3 Rf3+ 57. Kh2 Rf2+ 58. Kh3
Rh5+ 59. Kg3 Rfh2 60. d7 R2h3+ 61. Kf2 Rf5+ 62. Kg2 Rd3 63. e7 Rg5+ 64. Kf1
Rxd7 65. e8=Q Rf5+ 66. Ke2 Rff7 67. Qe5 Rde7 68. Qd6+ Kg7 69. Rxe7 a6 70. Qe5+
Kg6 71. Re6+ Kh7 72. Qg5 Kh8 73. Qh6+ Kg8 74. Rg6+ Rg7 75. Qxg7# {
QueenMaxima checkmated} 1-0

[Event "ICS rated blitz match"]
[Site "204.178.125.65"]
[Date "2000.10.13"]
[Round "?"]
[White "QueenMaxima"]
[Black "Hossa"]
[Result "0-1"]
[WhiteElo "2657"]
[BlackElo "2554"]
[PlyCount "118"]
[EventDate "2000.??.??"]

1. e3 g6 2. c4 Nf6 3. Nc3 Bg7 4. Nf3 d6 5. d4 O-O 6. Bd3 Nc6 7. O-O Nb4 8. e4
Nxd3 9. Qxd3 c5 10. Bg5 cxd4 11. Nxd4 Ng4 12. Nd5 Ne5 13. Qc3 Re8 14. Rfd1 Nc6
15. Be3 e6 16. Nb4 Ne5 17. Kh1 Qh4 18. f3 f5 19. exf5 gxf5 20. Nd3 Nc6 21. f4
Qg4 22. Nf2 Qg6 23. Qa3 d5 24. Nb5 Qf7 25. Nd6 Bf8 26. c5 Bxd6 27. cxd6 Rd8 28.
Bb6 Rd7 29. Re1 Qf6 30. Nd3 Rg7 31. Rac1 Qg6 32. g3 Qh5 33. Nc5 Qh3 34. Nxe6
Bxe6 35. Rxe6 Kf7 36. Rce1 Rag8 37. Bc7 Rxg3 38. Qxg3 Rxg3 39. R6e2 Rg8 40. Rf2
Nb4 41. Re7+ Kf8 42. Ree2 Qg4 43. Rg2 Qf3 44. h4 Rxg2 45. Rxg2 Qxf4 46. a3
Qxh4+ 47. Kg1 Qe1+ 48. Kh2 Qe5+ 49. Kh1 Nd3 50. b4 f4 51. Ra2 f3 52. Bb6 axb6
53. d7 Qe1+ 54. Kh2 Qh4+ 55. Kg1 f2+ 56. Kf1 Qh3+ 57. Ke2 f1=Q+ 58. Kd2 Qf2+
59. Kc3 Nb2# {QueenMaxima checkmated} 0-1

[Event "ICS rated blitz match"]
[Site "204.178.125.65"]
[Date "2000.10.13"]
[Round "?"]
[White "Hossa"]
[Black "QueenMaxima"]
[Result "1/2-1/2"]
[WhiteElo "2575"]
[BlackElo "2636"]
[PlyCount "128"]
[EventDate "2000.??.??"]

1. e4 c5 2. Nf3 e6 3. d4 cxd4 4. Nxd4 Nc6 5. Nc3 Qc7 6. g3 Nf6 7. Ndb5 Qb8 8.
Bg2 a6 9. Nd4 Nxd4 10. Qxd4 b6 11. e5 Bc5 12. Qf4 Nh5 13. Qg5 Bb7 14. Bxb7 Qxb7
15. Rf1 g6 16. g4 Ng7 17. Qf6 Rg8 18. Bg5 Qg2 19. Qf4 Be7 20. Bxe7 Kxe7 21.
O-O-O Qb7 22. Ne4 Ne8 23. Qg5+ Kf8 24. Qh6+ Rg7 25. Nf6 d5 26. Nxh7+ Kg8 27.
Ng5 Qc7 28. f4 Rc8 29. c3 Qc5 30. Kb1 Qc6 31. Rf2 Qa4 32. Rd4 Rc4 33. b3 Qb5
34. Rd3 Re4 35. Rd1 Re3 36. Rc2 Qa5 37. Kb2 b5 38. Rf1 b4 39. cxb4 Qxb4 40. Kb1
Rc3 41. Rxc3 Qxc3 42. Rc1 Qd3+ 43. Kb2 Qd2+ 44. Rc2 Qxf4 45. Rc8 Qxe5+ 46. Kb1
Qe1+ 47. Rc1 Qe2 48. Rc8 Qb5 49. Rd8 Qc6 50. Qh3 Kf8 51. Qh8+ Rg8 52. Qf6 Rg7
53. h4 a5 54. h5 gxh5 55. gxh5 Qa6 56. Rxe8+ Kxe8 57. Qxg7 Qf1+ 58. Kb2 Qf2+
59. Kc3 Qe3+ 60. Kc2 Qe2+ 61. Kc1 Qe1+ 62. Kc2 Qe2+ 63. Kc1 Qe1+ 64. Kc2 Qe2+ {
Game drawn by repetition} 1/2-1/2

[Event "ICS rated blitz match"]
[Site "204.178.125.65"]
[Date "2000.10.13"]
[Round "?"]
[White "QueenMaxima"]
[Black "Hossa"]
[Result "1/2-1/2"]
[WhiteElo "2633"]
[BlackElo "2578"]
[PlyCount "169"]
[EventDate "2000.??.??"]

1. d4 Nf6 2. Bf4 d5 3. e3 c5 4. c3 cxd4 5. cxd4 Nc6 6. Nc3 Bf5 7. Bd3 Bxd3 8.
Qxd3 e6 9. Qb5 Qd7 10. Nf3 Rc8 11. O-O Bb4 12. Ne5 Nxe5 13. Qxb4 Nd3 14. Qa3
Nxf4 15. exf4 b6 16. Rac1 Rc4 17. b3 Rc6 18. Nb5 Rg8 19. Rxc6 Qxc6 20. Nd6+ Ke7
21. Nf5+ Kd7 22. Ne7 Qa8 23. Nxg8 Nxg8 24. Qa4+ Kd8 25. Qb4 Kd7 26. Rc1 Nf6 27.
Qb5+ Kd8 28. Qe2 g6 29. f3 Kd7 30. Qb5+ Kd8 31. Qb4 Kd7 32. Qa4+ Kd8 33. Kf2
Qb8 34. Ke3 Ne8 35. Qc6 Nd6 36. g4 a6 37. Qa4 Qa7 38. a3 Qb7 39. Kd3 h6 40. Ke3
Qa7 41. h4 Qb7 42. Qc6 Qb8 43. Qc2 Nb5 44. Qd3 Qb7 45. a4 Nd6 46. Qc3 Kd7 47.
Qc2 Qb8 48. Qc6+ Kd8 49. h5 gxh5 50. Rh1 hxg4 51. fxg4 Ne4 52. Rxh6 Ke7 53. b4
Nf2 54. Rh4 Ne4 55. b5 axb5 56. Qxb5 Qc7 57. Qb4+ Kf6 58. Rh6+ Kg7 59. Rh1 Qc2
60. Re1 Qf2+ 61. Kd3 Qxf4 62. Kc2 Qxg4 63. a5 Qg2+ 64. Kd3 Qh3+ 65. Kc2 Qh2+
66. Kd3 Qg3+ 67. Re3 Qg4 68. Kc2 Qg2+ 69. Kb3 Nd2+ 70. Ka4 Nc4 71. Rc3 bxa5 72.
Qb3 Qd2 73. Rxc4 dxc4 74. Qxc4 f5 75. Qc5 Kf7 76. Qc7+ Kg6 77. Qg3+ Kh5 78.
Qh3+ Kg5 79. Qg3+ Kf6 80. Qe5+ Ke7 81. Qc7+ Ke8 82. Qc8+ Ke7 83. Qc7+ Ke8 84.
Qc8+ Ke7 85. Qc7+ {Game drawn by repetition} 1/2-1/2

[Event "ICS rated blitz match"]
[Site "204.178.125.65"]
[Date "2000.10.13"]
[Round "?"]
[White "Hossa"]
[Black "QueenMaxima"]
[Result "1-0"]
[WhiteElo "2581"]
[BlackElo "2630"]
[PlyCount "161"]
[EventDate "2000.??.??"]

1. e4 c5 2. Nf3 e6 3. d4 cxd4 4. Nxd4 Nc6 5. Nc3 Qc7 6. g3 Nf6 7. Ndb5 Qb8 8.
Bg2 a6 9. Nd4 Nxd4 10. Qxd4 b6 11. Na4 Qc7 12. Nxb6 Rb8 13. Nxc8 Rxc8 14. c3
Bc5 15. Qd3 a5 16. O-O Rb8 17. Rb1 O-O 18. Bf3 d6 19. Rd1 Rfc8 20. Bf4 Rb6 21.
b4 axb4 22. cxb4 Rxb4 23. Rxb4 Bxb4 24. Bxd6 Bxd6 25. Qxd6 Qxd6 26. Rxd6 e5 27.
a4 Kf8 28. a5 Rc1+ 29. Kg2 Ra1 30. a6 h6 31. Rb6 Kg8 32. h3 h5 33. g4 hxg4 34.
Bxg4 Kh7 35. f3 Ra2+ 36. Kg3 Kh6 37. h4 Kh7 38. Rc6 Nxg4 39. fxg4 Ra3+ 40. Kf2
Ra2+ 41. Ke3 Ra3+ 42. Kd2 Ra4 43. Kd3 Rd4+ 44. Ke3 Ra4 45. Rb6 Ra3+ 46. Kd2 Ra4
47. Kd3 Rd4+ 48. Ke3 Ra4 49. Rd6 Kg8 50. Kd3 Kf8 51. Rd8+ Ke7 52. Ra8 Kd7 53.
a7 Kc6 54. Rc8+ Kb7 55. Rf8 f6 56. Rf7+ Kb6 57. Rxg7 Kc5 58. Rc7+ Kd6 59. Rf7
Kc5 60. h5 Ra3+ 61. Kc2 Kd4 62. h6 Rc3+ 63. Kb2 Rc8 64. Rb7 Ra8 65. h7 Kxe4 66.
Rb8 Rxa7 67. Rb4+ Kf3 68. h8=Q Kg2 69. Qxf6 e4 70. Rxe4 Rb7+ 71. Kc2 Rc7+ 72.
Qc3 Rxc3+ 73. Kxc3 Kf2 74. g5 Kf3 75. Rd4 Kf2 76. g6 Ke3 77. g7 Ke2 78. g8=Q
Kf2 79. Kd3 Kf1 80. Ke3 Ke1 81. Qg1# {QueenMaxima checkmated} 1-0